000 00588na a2200217 4500
001 18444
003 MIRAKIL
005 20181213155036.0
008 161118b tu 000 0
040 _aMilas
_btur
_cTR-AnCHP
041 _atur
082 _a343.04
_bT96 2014
090 _a343.04 T96 2014
245 _aTürk vergi hukukunda uzlaşma
_cHazırlayan Mustafa Şener
260 _aAnkara
_bVergi Müfettişleri Derneği
_c2014
300 _a147 s.
_c18 sm.
504 _aKaynakça var.
650 _aVergi hukuku
_xUzlaşma
700 _aŞener, Mustafa
942 _2ddc
_cBKS
999 _c5446
_d5446